ARRUPE JESUIT UNIVERSITY

CORONAVIRUS -STOP THE SPREAD - CLEAN,DISINFECT,COVER

Global transformations : (Record no. 119928)

MARC details
000 -LEADER
fixed length control field 01077fam a2200325 a 4500
001 - CONTROL NUMBER
control field 2307360
003 - CONTROL NUMBER IDENTIFIER
control field ARRUPE
005 - DATE AND TIME OF LATEST TRANSACTION
control field 20140520020005.0
008 - FIXED-LENGTH DATA ELEMENTS--GENERAL INFORMATION
fixed length control field 991202s1999 enk b 001 0 eng
010 ## - LIBRARY OF CONGRESS CONTROL NUMBER
LC control number 99461878
020 ## - INTERNATIONAL STANDARD BOOK NUMBER
International Standard Book Number 0745614981 (hc : alk. paper)
020 ## - INTERNATIONAL STANDARD BOOK NUMBER
International Standard Book Number 074561499X (pbk)
035 ## - SYSTEM CONTROL NUMBER
System control number (OCoLC)42954492
035 ## - SYSTEM CONTROL NUMBER
System control number (OCoLC)ocm42954492
035 ## - SYSTEM CONTROL NUMBER
System control number (NNC)2307360
040 ## - CATALOGING SOURCE
Original cataloging agency DLC
Transcribing agency DLC
Modifying agency DLC
050 00 - LIBRARY OF CONGRESS CALL NUMBER
Classification number JZ1308
Item number .G59 1999
300 ## - PHYSICAL DESCRIPTION
Other physical details ill., maps ;
Dimensions 26 cm.
245 00 - TITLE STATEMENT
Title Global transformations :
Remainder of title politics, economics and culture /
Statement of responsibility, etc David Held ... [et al.].
260 ## - PUBLICATION, DISTRIBUTION, ETC. (IMPRINT)
Place of publication, distribution, etc Cambridge, UK :
Name of publisher, distributor, etc Polity Press,
Date of publication, distribution, etc 1999.
300 ## - PHYSICAL DESCRIPTION
Extent xxiii, 515 p. :
504 ## - BIBLIOGRAPHY, ETC. NOTE
Bibliography, etc Includes bibliographical references (p. [459]-492) and index.
650 #0 - SUBJECT ADDED ENTRY--TOPICAL TERM
Topical term or geographic name as entry element International organization.
9 (RLIN) 7905
650 #0 - SUBJECT ADDED ENTRY--TOPICAL TERM
Topical term or geographic name as entry element International economic relations.
9 (RLIN) 7906
650 #0 - SUBJECT ADDED ENTRY--TOPICAL TERM
Topical term or geographic name as entry element International relations and culture.
9 (RLIN) 7907
650 #0 - SUBJECT ADDED ENTRY--TOPICAL TERM
Topical term or geographic name as entry element World politics
Chronological subdivision 1989-
9 (RLIN) 32
650 #0 - SUBJECT ADDED ENTRY--TOPICAL TERM
Topical term or geographic name as entry element International relations.
9 (RLIN) 7908
700 1# - ADDED ENTRY--PERSONAL NAME
Personal name Held, David.
9 (RLIN) 7909
942 ## - ADDED ENTRY ELEMENTS (KOHA)
Source of classification or shelving scheme Library of Congress Classification
Koha item type Monograph ( Printed materials)
Koha issues (borrowed), all copies 1
Holdings
Withdrawn status Lost status Source of classification or shelving scheme Damaged status Not for loan Collection code Home library Current library Shelving location Date acquired Total Checkouts Full call number Barcode Date last seen Date checked out Price effective from Koha item type
    Library of Congress Classification     Main Collection ARRUPE LIBRARY ARRUPE LIBRARY Main Collection 04/02/2014 1 JZ1308 .G59 1999 46412011 26/06/2018 19/05/2014 04/02/2014 Monograph ( Printed materials)

 

Arrupe Library. PO Box MP320 Mt Pleasant, Harare, Zimbabwe
263 242 745411|librarian@aju.ac.zw